00330nam a2200109Ia 4500008004100000245008300041260004800124260000900172300000900181500001400190650001600204170224s9999 xx 000 0 und d aAlmost human: Anthropomorphism increases trust resilience in cognitive agents. bJournal of Experimental Psychology: Applied c2016 a22:3 aSeptember xPsychology.